01478cam a2200373 a 4500999001700000001000800017003000400025005001700029006001900046007001500065008004100080020003100121020002600152035002600178040002600204042000800230050002300238050001300261100002200274210005900296245013900355260005300494490004800547504005100595506004300646650005700689650001600746700001900762773005000781856013200831910003100963942001200994952009801006 c31886d318867917172OSt20170110141248.0m d cr n 090126s2009 enka sb 001 0 eng d a9781848822436 (alk. paper) a9781848822443 (eISBN) a(WaSeSS)ssj0000135373 aDLCcDLCdDLCdWaSeSS apcc 4aTS155.65b.L5 2009 4aTS155.651 aLi, ZhiWu,d1967-10aDeadlock Resolution in Automated Manufacturing Systems10aDeadlock Resolution in Automated Manufacturing Systemsh[electronic resource] :bA Novel Petri Net Approach /cZhiWu Li, MengChu Zhou. a[London] :bSpringer Verlag London Ltd.,cc2009.0 aAdvances in industrial control ;v1430-9491 aIncludes bibliographical references and index. aLicense restrictions may limit access. 0aFlexible manufacturing systemsxMathematical models. 0aPetri nets.1 aZhou, MengChu. 0tSpringerLink ebooks - Computer Science (2009)40uhttp://www.columbia.edu/cgi-bin/cul/resolve?clio7917172zFull text available from SpringerLink ebooks - Computer Science (2009) aLibrary of Congress record 2ddccBK 00102ddc4070aCLbCLd2015-07-07l0o670.4270151 LIZpSMME-447r2018-03-28w2015-07-07yBK